<?xml version="1.0" encoding="UTF-8"?>
<record
    xmlns:xsi="http://www.w3.org/2001/XMLSchema-instance"
    xsi:schemaLocation="http://www.loc.gov/MARC21/slim http://www.loc.gov/standards/marcxml/schema/MARC21slim.xsd"
    xmlns="http://www.loc.gov/MARC21/slim">

  <leader>01485nam a22001937a 4500</leader>
  <controlfield tag="003">IT-MiCISF</controlfield>
  <controlfield tag="005">20240115104258.0</controlfield>
  <controlfield tag="008">240115b        |||||||| |||| 00| 0 eng d</controlfield>
  <datafield tag="040" ind1=" " ind2=" ">
    <subfield code="c">IT-MiCISF</subfield>
  </datafield>
  <datafield tag="100" ind1=" " ind2=" ">
    <subfield code="a">Rosina Alessandro, Impicciatore Roberto</subfield>
    <subfield code="9">60432</subfield>
  </datafield>
  <datafield tag="245" ind1=" " ind2=" ">
    <subfield code="a">Storia demografica d'Italia.</subfield>
    <subfield code="b">Crescita, crisi e sfide</subfield>
  </datafield>
  <datafield tag="260" ind1=" " ind2=" ">
    <subfield code="a">Roma, </subfield>
    <subfield code="b">Carocci, </subfield>
    <subfield code="c">2022</subfield>
  </datafield>
  <datafield tag="300" ind1=" " ind2=" ">
    <subfield code="a">pp. 187</subfield>
  </datafield>
  <datafield tag="500" ind1=" " ind2=" ">
    <subfield code="a">popolazione, situazione-demografica, storia, denatalit&#xE0;, crisi-famiglia, nuzialit&#xE0;</subfield>
  </datafield>
  <datafield tag="520" ind1=" " ind2=" ">
    <subfield code="a">Ponendosi l&#x2019;obiettivo di raccontare dal punto di vista demografico l&#x2019;evoluzione dell&#x2019;Italia dal 1861 a oggi, il libro si apre con tre date simboliche, 1861, 1961, 2011, cui fa seguito un richiamo alla fase pandemica, con cui si conclude la narrazione nelle pagine finali. Per esemplificare la profondit&#xE0; e l&#x2019;intensit&#xE0; delle trasformazioni sociali e culturali avvenute nell&#x2019;Italia unita, gli autori propongono alcuni numeri associati a queste date. Nel 1861 l&#x2019;aspettativa di vita degli italiani supera di poco i 30 anni, un secolo dopo sale oltre i 65 anni, nel 2011 supera gli 80 anni. Nel 1861 il numero medio di figli per donna &#xE8; attorno a cinque, nel 1961 tra i due e i tre, nel 2011 &#xE8; pi&#xF9; vicino a uno che a due.
Le modernizzazioni economica, scientifica e tecnologica determinano un duplice impatto sulla demografia: aumenta la popolazione e inizia a declinare il tasso di natalit&#xE0;.
</subfield>
  </datafield>
  <datafield tag="650" ind1=" " ind2=" ">
    <subfield code="a">Popolazione</subfield>
  </datafield>
  <datafield tag="654" ind1=" " ind2=" ">
    <subfield code="a">studio</subfield>
  </datafield>
  <datafield tag="942" ind1=" " ind2=" ">
    <subfield code="2">ddc</subfield>
    <subfield code="c">BK</subfield>
  </datafield>
  <datafield tag="999" ind1=" " ind2=" ">
    <subfield code="c">359973</subfield>
    <subfield code="d">359975</subfield>
  </datafield>
  <datafield tag="952" ind1=" " ind2=" ">
    <subfield code="0">0</subfield>
    <subfield code="1">0</subfield>
    <subfield code="2">ddc</subfield>
    <subfield code="4">0</subfield>
    <subfield code="6">B_7803_000000000000000</subfield>
    <subfield code="7">1</subfield>
    <subfield code="a">CISF</subfield>
    <subfield code="b">CISF</subfield>
    <subfield code="d">2024-01-15</subfield>
    <subfield code="l">0</subfield>
    <subfield code="o">B7803</subfield>
    <subfield code="p">9788829016792</subfield>
    <subfield code="r">2024-01-15 10:43:23</subfield>
    <subfield code="w">2024-01-15</subfield>
    <subfield code="y">BK</subfield>
  </datafield>
</record>
